000 00407nam a22001697a 4500
003 MPLRDC
005 20220104142509.0
008 210129b ||||| |||| 00| 0 eng d
082 _a857.49 ZRC-2
100 _a周汝昌
245 _a献芹集
_c
250 _a一版一刷
260 _a
_b山西人民出版社
_c1985
300 _b
650 _a话本小说及章回
942 _cBK
_o857.49 ZRC-2
999 _c31368
_d31358